Návrh zmien vo vzdelávaní na základných a stredných školách a možnosti doplnenia výučby o predmety zamerané na poskytovanie praktických poznatkov a zručností
Podstata navrhovanej zmeny vzdelávania na základných a stredných školách. Príprava mladej generácie na hrozby a riziká súčasnosti. Dôležitosť finančnej gramotnosti.
Gespeichert in:
| 1. Verfasser: | |
|---|---|
| Format: | Buchkapitel |
| Sprache: | Slowakisch |
| Schlagworte: | |
| Tags: |
Keine Tags, Fügen Sie das erste Tag hinzu!
|
MARC
| LEADER | 00000naa a2200000 4500 | ||
|---|---|---|---|
| 001 | 0197696 | ||
| 005 | 20240502073335.9 | ||
| 041 | 0 | |a slo | |
| 044 | |a SK | ||
| 245 | 1 | 0 | |a Návrh zmien vo vzdelávaní na základných a stredných školách a možnosti doplnenia výučby o predmety zamerané na poskytovanie praktických poznatkov a zručností |c Juraj Litomerický |
| 520 | |a Podstata navrhovanej zmeny vzdelávania na základných a stredných školách. Príprava mladej generácie na hrozby a riziká súčasnosti. Dôležitosť finančnej gramotnosti. | ||
| 610 | 2 | 0 | |a vzdelávanie |
| 610 | 2 | 0 | |a školy základné |
| 610 | 2 | 0 | |a školy stredné |
| 610 | 2 | 0 | |a vyučovanie |
| 610 | 2 | 0 | |a zručnosti |
| 610 | 2 | 0 | |a vedomosti |
| 610 | 2 | 0 | |a gramotnosť finančná |
| 100 | 1 | |a Litomerický, Juraj | |